| 000 | 00348nam a22001217a 4500 | ||
|---|---|---|---|
| 020 | _a0821344048 | ||
| 082 |
_222 _a338.947721 |
||
| 100 | _aHansen, John and Nanivska, Vira. | ||
| 245 | _aEconomic growth with equity ; ukrainian perspectives / | ||
| 260 |
_bWashington the World Bank, _cc 1999. |
||
| 300 |
_axiv,16,p, ; _bNA _c24 cm. |
||
| 942 |
_2ddc _cMAG |
||
| 999 |
_c3973 _d3973 |
||